[Event "VI Sunway Sitges Open 2019"]
[Site "Sitges"]
[Date "2019.12.17"]
[Round "5.8"]
[White "Aroshidze, Levan"]
[Black "Santos Latasa, Jaime"]
[Result "0-1"]
[WhiteElo "2514"]
[BlackElo "2585"]
[Annotator "ChessBase"]
[PlyCount "90"]
[EventDate "2019.12.13"]
[EventType "swiss"]
[EventCountry "ESP"]
[SourceTitle "playchess.com"]
[Source "ChessBase"]
[SourceQuality "1"]
[TimeControl "40/5400+30:1800+30"]

1. e4 {[%emt 0:02:21]} c5 {[%emt 0:00:43]} 2. Nf3 {[%emt 0:00:15]} d6 {[%emt 0:00:00]} 3. d4 {[%emt 0:00:06]} cxd4 {[%emt 0:00:00]} 4. Nxd4 {[%emt 0:00:06]} Nf6 {[%emt 0:00:00]} 5. Nc3 {[%emt 0:00:08]} a6 {[%emt 0:00:00]} 6. f3 {[%emt 0:00:08]} e6 {[%emt 0:00:00]} 7. Be3 {[%emt 0:00:10]} b5 {[%emt 0:02:38]} 8. Qd2 {[%emt 0:02:46]} Nbd7 {[%emt 0:00:00]} 9. g4 {[%emt 0:00:10]} b4 {[%emt 0:00:00]} 10. Nce2 {[%emt 0:00:27]} h6 {[%emt 0:00:52]} 11. O-O-O {[%emt 0:00:53]} Qc7 {[%emt 0:06:40]} 12. h4 {[%emt 0:08:31]} d5 {[%emt 0:00:00]} 13. Bf4 {[%emt 0:00:08]} e5 {[%emt 0:00:00]} 14. Bh2 {[%emt 0:00:06]} dxe4 {[%emt 0:00:00]} 15. g5 {[%emt 0:00:10]} hxg5 {[%emt 0:00:00]} 16. hxg5 {[%emt 0:00:06]} Rxh2 {[%emt 0:00:00]} 17. Rxh2 {[%emt 0:00:04]} exd4 {[%emt 0:00:00]} 18. Rh8 {[%emt 0:26:12]} Nd5 {[%emt 0:00:00]} 19. Qxd4 {[%emt 0:00:08]} Bb7 {[%emt 0:00:00]} 20. fxe4 {[%emt 0:14:46]} N5b6 {[%emt 0:00:00]} 21. Qxb4 {[%emt 0:00:12]} O-O-O {[%emt 0:00:00]} 22. Qd4 {[%emt 0:01:14]} Qc5 {[%emt 0:00:00]} 23. Kb1 {[%emt 0:18:06]} Qxg5 {[%emt 0:03:11]} 24. Bh3 {[%emt 0:02:58]} Kc7 {[%emt 0:01:56]} 25. Qc3+ {[%emt 0:02:11]} Bc6 {[%emt 0:05:53]} 26. Bxd7 {[%emt 0:07:12]} Rxd7 {[%emt 0:02:54]} 27. Rxd7+ {[%emt 0:05:21]} Nxd7 {[%emt 0:00:13]} 28. a3 {[%emt 0:00:01]} Qc5 {[%emt 0:02:31]} 29. Qd3 {[%emt 0:03:39]} Bb5 {[%emt 0:08:52]} 30. Qd1 {[%emt 0:00:02]} Bd6 {[%emt 0:00:55]} 31. Nc3 {[%emt 0:00:31]} Bc6 {[%emt 0:00:48]} 32. Qf1 {[%emt 0:01:07]} Be5 {[%emt 0:01:12]} 33. Rh3 {[%emt 0:00:20]} Nf6 {[%emt 0:00:40]} 34. Rf3 {[%emt 0:04:17]} Qb6 {[%emt 0:04:36]} 35. Qc4 {[%emt 0:00:43]} Kb8 {[%emt 0:01:43]} 36. Qxf7 {[%emt 0:00:46]} Nxe4 {[%emt 0:01:02]} 37. Qf8+ {[%emt 0:00:36]} Ka7 {[%emt 0:00:06]} 38. Rf7+ {[%emt 0:01:05]} Bb7 {[%emt 0:00:12]} 39. Na4 {[%emt 0:00:55]} Qd4 {[%emt 0:06:34]} 40. Qe7 {[%emt 0:00:00]} Nd6 {[%emt 0:00:00]} 41. Rf1 {[%emt 0:03:28]} g5 {[%emt 0:05:14]} 42. Nc3 {[%emt 0:06:35]} Ne4 {[%emt 0:01:53]} 43. Rf7 {[%emt 0:02:56]} Nxc3+ {[%emt 0:01:10]} 44. bxc3 {[%emt 0:00:05]} Qb6+ {[%emt 0:00:12]} 45. Kc1 {[%emt 0:03:39]} Bf4+ {[%emt 0:01:49]} 0-1

[Event "VI Sunway Sitges Open 2019"]
[Site "Sitges"]
[Date "2019.12.17"]
[Round "5.9"]
[White "Puranik, Abhimanyu"]
[Black "Song, Raymond"]
[Result "1-0"]
[WhiteElo "2580"]
[BlackElo "2468"]
[Annotator "ChessBase"]
[PlyCount "65"]
[EventDate "2019.12.13"]
[EventType "swiss"]
[EventCountry "ESP"]
[SourceTitle "playchess.com"]
[Source "ChessBase"]
[SourceQuality "1"]
[TimeControl "40/5400+30:1800+30"]

1. e4 {[%emt 0:00:00]} c6 {[%emt 0:00:00]} 2. Nf3 {[%emt 0:00:00]} d5 {[%emt 0:00:00]} 3. Nc3 {[%emt 0:00:00]} Bg4 {[%emt 0:00:00]} 4. h3 {[%emt 0:00:06]} Bxf3 {[%emt 0:00:00]} 5. Qxf3 {[%emt 0:00:04]} e6 {[%emt 0:00:00]} 6. Be2 {[%emt 0:00:09]} Nd7 {[%emt 0:00:04]} 7. O-O {[%emt 0:01:03]} Bc5 {[%emt 0:00:06]} 8. d3 {[%emt 0:03:55]} Ngf6 {[%emt 0:01:15]} 9. Rd1 {[%emt 0:01:35]} Bd4 {[%emt 0:02:57]} 10. Qf4 {[%emt 0:07:08]} O-O {[%emt 0:03:43]} 11. exd5 {[%emt 0:02:23]} Bxc3 {[%emt 0:04:10]} 12. bxc3 {[%emt 0:00:16]} Nxd5 {[%emt 0:00:37]} 13. Qd2 {[%emt 0:01:49]} Qf6 {[%emt 0:01:59]} 14. d4 {[%emt 0:07:31]} b5 {[%emt 0:06:36]} 15. c4 {[%emt 0:11:58]} bxc4 {[%emt 0:00:04]} 16. Bxc4 {[%emt 0:00:07]} Rfd8 {[%emt 0:01:40]} 17. Bf1 {[%emt 0:08:03]} e5 {[%emt 0:09:26]} 18. Bb2 {[%emt 0:07:19]} e4 {[%emt 0:04:59]} 19. c4 {[%emt 0:05:14]} Nf4 {[%emt 0:00:03]} 20. Qe3 {[%emt 0:11:41]} Rab8 {[%emt 0:05:58]} 21. Bc3 {[%emt 0:00:48]} Nd3 {[%emt 0:16:35]} 22. Bxd3 {[%emt 0:03:14]} exd3 {[%emt 0:00:03]} 23. Rxd3 {[%emt 0:02:24]} Nb6 {[%emt 0:08:47]} 24. d5 {[%emt 0:00:55]} Qg6 {[%emt 0:00:38]} 25. Qe2 {[%emt 0:05:44]} Re8 {[%emt 0:03:29]} 26. Qd1 {[%emt 0:00:36]} f6 {[%emt 0:07:04]} 27. dxc6 {[%emt 0:00:49]} Nxc4 {[%emt 0:01:23]} 28. c7 {[%emt 0:05:07]} Rbc8 {[%emt 0:00:15]} 29. Rd8 {[%emt 0:00:42]} Nb6 {[%emt 0:07:50]} 30. Rxc8 {[%emt 0:06:03]} Rxc8 {[%emt 0:00:02]} 31. Qd8+ {[%emt 0:00:10]} Qe8 {[%emt 0:01:37]} 32. Rd1 {[%emt 0:00:16]} Kf7 {[%emt 0:00:12]} 33. Ba5 {[%emt 0:01:09]} 1-0

[Event "VI Sunway Sitges Open 2019"]
[Site "Sitges"]
[Date "2019.12.17"]
[Round "5.10"]
[White "Gordon, Stephen J"]
[Black "Gukesh D"]
[Result "1/2-1/2"]
[WhiteElo "2495"]
[BlackElo "2547"]
[Annotator "ChessBase"]
[PlyCount "131"]
[EventDate "2019.12.13"]
[EventType "swiss"]
[EventCountry "ESP"]
[SourceTitle "playchess.com"]
[Source "ChessBase"]
[SourceQuality "1"]
[TimeControl "40/5400+30:1800+30"]

1. c4 {[%emt 0:02:18]} Nf6 {[%emt 0:00:10]} 2. Nc3 {[%emt 0:00:15]} g6 {[%emt 0:00:05]} 3. e4 {[%emt 0:00:32]} d6 {[%emt 0:00:18]} 4. d4 {[%emt 0:00:18]} Bg7 {[%emt 0:00:06]} 5. Nf3 {[%emt 0:00:30]} O-O {[%emt 0:00:26]} 6. Be2 {[%emt 0:00:13]} e5 {[%emt 0:01:00]} 7. O-O {[%emt 0:00:49]} Nc6 {[%emt 0:00:53]} 8. d5 {[%emt 0:00:46]} Ne7 {[%emt 0:00:21]} 9. b4 {[%emt 0:00:39]} Nh5 {[%emt 0:06:02]} 10. Re1 {[%emt 0:03:33]} f5 {[%emt 0:00:17]} 11. Ng5 {[%emt 0:00:31]} Nf6 {[%emt 0:00:28]} 12. Bf3 {[%emt 0:01:56]} Kh8 {[%emt 0:00:28]} 13. Bb2 {[%emt 0:17:01]} Ne8 {[%emt 0:03:53]} 14. Qd2 {[%emt 0:16:37]} f4 {[%emt 0:09:31]} 15. Bd1 {[%emt 0:19:27]} Bf6 {[%emt 0:17:14]} 16. Ne6 {[%emt 0:01:34]} Bxe6 {[%emt 0:00:04]} 17. dxe6 {[%emt 0:00:02]} Ng7 {[%emt 0:03:01]} 18. Nd5 {[%emt 0:02:12]} Nxe6 {[%emt 0:03:21]} 19. Nxf6 {[%emt 0:05:38]} Rxf6 {[%emt 0:00:30]} 20. Bg4 {[%emt 0:05:26]} Nd4 {[%emt 0:06:25]} 21. Bxd4 {[%emt 0:01:37]} exd4 {[%emt 0:00:08]} 22. e5 {[%emt 0:00:13]} dxe5 {[%emt 0:02:50]} 23. Rxe5 {[%emt 0:00:02]} Nc6 {[%emt 0:27:55]} 24. Rd5 {[%emt 0:00:34]} Rd6 {[%emt 0:02:18]} 25. Qxf4 {[%emt 0:01:00]} Qf8 {[%emt 0:00:13]} 26. Qd2 {[%emt 0:04:13]} Rxd5 {[%emt 0:04:51]} 27. cxd5 {[%emt 0:00:03]} Nxb4 {[%emt 0:01:39]} 28. Rb1 {[%emt 0:08:42]} a5 {[%emt 0:05:15]} 29. a3 {[%emt 0:01:35]} Nxd5 {[%emt 0:00:19]} 30. Qxd4+ {[%emt 0:00:35]} Nf6 {[%emt 0:00:08]} 31. Rxb7 {[%emt 0:01:12]} Re8 {[%emt 0:02:28]} 32. g3 {[%emt 0:04:22]} Qd6 {[%emt 0:02:00]} 33. Qxd6 {[%emt 0:01:00]} cxd6 {[%emt 0:00:02]} 34. Bf3 {[%emt 0:00:10]} Re5 {[%emt 0:01:23]} 35. Rf7 {[%emt 0:00:49]} Ne4 {[%emt 0:00:38]} 36. Rd7 {[%emt 0:00:38]} Nd2 {[%emt 0:00:24]} 37. Bc6 {[%emt 0:00:49]} Nc4 {[%emt 0:00:26]} 38. a4 {[%emt 0:00:26]} Rc5 {[%emt 0:00:30]} 39. Bb5 {[%emt 0:00:28]} d5 {[%emt 0:00:19]} 40. Kf1 {[%emt 0:00:00]} Nd2+ {[%emt 0:00:00]} 41. Ke2 {[%emt 0:08:46]} Nb3 {[%emt 0:05:23]} 42. Kd3 {[%emt 0:04:32]} Nc1+ {[%emt 0:06:30]} 43. Kd4 {[%emt 0:02:39]} Nb3+ {[%emt 0:00:06]} 44. Kd3 {[%emt 0:01:41]} Nc1+ {[%emt 0:00:55]} 45. Kd4 {[%emt 0:06:34]} Nb3+ {[%emt 0:00:49]} 46. Ke5 {[%emt 0:00:30]} d4+ {[%emt 0:00:26]} 47. Rd5 {[%emt 0:00:57]} Rc8 {[%emt 0:02:56]} 48. f4 {[%emt 0:01:49]} Kg7 {[%emt 0:08:00]} 49. Rd7+ {[%emt 0:01:09]} Kh8 {[%emt 0:00:10]} 50. g4 {[%emt 0:03:09]} Re8+ {[%emt 0:01:16]} 51. Kf6 {[%emt 0:00:54]} Rf8+ {[%emt 0:04:03]} 52. Kg5 {[%emt 0:00:32]} Nc5 {[%emt 0:00:35]} 53. Re7 {[%emt 0:00:10]} Rd8 {[%emt 0:02:32]} 54. Kh6 {[%emt 0:01:13]} Kg8 {[%emt 0:00:14]} 55. Rg7+ {[%emt 0:02:36]} Kf8 {[%emt 0:00:01]} 56. Rxh7 {[%emt 0:00:42]} d3 {[%emt 0:00:43]} 57. Rh8+ {[%emt 0:00:25]} Ke7 {[%emt 0:00:01]} 58. Rxd8 {[%emt 0:00:12]} Kxd8 {[%emt 0:00:01]} 59. f5 {[%emt 0:01:01]} d2 {[%emt 0:00:37]} 60. Be2 {[%emt 0:00:01]} gxf5 {[%emt 0:00:07]} 61. gxf5 {[%emt 0:00:01]} Nxa4 {[%emt 0:02:18]} 62. f6 {[%emt 0:00:28]} Nc5 {[%emt 0:01:02]} 63. Bd1 {[%emt 0:01:13]} a4 {[%emt 0:00:46]} 64. Bxa4 {[%emt 0:00:56]} Nxa4 {[%emt 0:00:18]} 65. f7 {[%emt 0:00:01]} d1=Q {[%emt 0:00:49]} 66. f8=Q+ {[%emt 0:00:02]} 1/2-1/2

[Event "VI Sunway Sitges Open 2019"]
[Site "Sitges"]
[Date "2019.12.17"]
[Round "5.11"]
[White "Erenberg, Ariel"]
[Black "Nasuta, Grzegorz"]
[Result "0-1"]
[WhiteElo "2479"]
[BlackElo "2545"]
[Annotator "ChessBase"]
[PlyCount "76"]
[EventDate "2019.12.13"]
[EventType "swiss"]
[EventCountry "ESP"]
[SourceTitle "playchess.com"]
[Source "ChessBase"]
[SourceQuality "1"]
[TimeControl "40/5400+30:1800+30"]

1. c4 {[%emt 0:00:01]} e5 {[%emt 0:06:28]} 2. g3 g6 {[%emt 0:00:08]} 3. Bg2 {[%emt 0:00:22]} Bg7 {[%emt 0:00:33]} 4. Nc3 {[%emt 0:00:27]} d6 {[%emt 0:00:12]} 5. d3 {[%emt 0:02:51]} c6 {[%emt 0:24:17]} 6. e3 {[%emt 0:22:21]} Be6 {[%emt 0:00:59]} 7. Nge2 {[%emt 0:00:36]} Ne7 {[%emt 0:07:05]} 8. O-O {[%emt 0:01:29]} O-O {[%emt 0:00:47]} 9. b3 {[%emt 0:02:00]} f5 {[%emt 0:01:30]} 10. Bb2 {[%emt 0:09:38]} Na6 {[%emt 0:02:30]} 11. Qd2 {[%emt 0:01:16]} Nc7 {[%emt 0:02:27]} 12. Rac1 {[%emt 0:09:09]} Bf7 {[%emt 0:07:28]} 13. b4 {[%emt 0:07:27]} d5 {[%emt 0:17:24]} 14. cxd5 {[%emt 0:00:11]} cxd5 {[%emt 0:00:04]} 15. Na4 {[%emt 0:02:48]} Nb5 {[%emt 0:18:15]} 16. Nc5 {[%emt 0:01:58]} b6 {[%emt 0:01:02]} 17. Nb3 {[%emt 0:00:07]} Rc8 {[%emt 0:02:54]} 18. Rxc8 {[%emt 0:00:45]} Qxc8 {[%emt 0:00:14]} 19. f4 {[%emt 0:00:41]} d4 {[%emt 0:00:04]} 20. Rc1 {[%emt 0:19:02]} Qa6 {[%emt 0:00:26]} 21. Ba1 {[%emt 0:03:46]} dxe3 {[%emt 0:01:31]} 22. Qb2 {[%emt 0:01:36]} Nd5 {[%emt 0:00:07]} 23. Bxd5 {[%emt 0:00:43]} Bxd5 {[%emt 0:00:03]} 24. fxe5 {[%emt 0:00:06]} Ba8 {[%emt 0:00:16]} 25. Nbd4 {[%emt 0:03:50]} Nxd4 {[%emt 0:02:31]} 26. Nxd4 {[%emt 0:00:01]} Qxd3 {[%emt 0:00:30]} 27. Qb3+ {[%emt 0:00:18]} Qxb3 {[%emt 0:00:05]} 28. Nxb3 {[%emt 0:00:03]} g5 {[%emt 0:01:37]} 29. Nd4 {[%emt 0:04:16]} Bd5 {[%emt 0:02:06]} 30. e6 {[%emt 0:00:30]} f4 {[%emt 0:00:15]} 31. gxf4 {[%emt 0:04:34]} gxf4 {[%emt 0:00:05]} 32. e7 {[%emt 0:01:42]} Re8 {[%emt 0:00:23]} 33. Ne2 {[%emt 0:00:15]} f3 {[%emt 0:01:17]} 34. Nf4 {[%emt 0:01:19]} Bf7 {[%emt 0:00:22]} 35. Bxg7 {[%emt 0:01:05]} Kxg7 {[%emt 0:00:01]} 36. Rc7 {[%emt 0:00:25]} Kf6 {[%emt 0:00:27]} 37. Rxa7 {[%emt 0:00:45]} Rg8+ {[%emt 0:00:52]} 38. Kh1 {[%emt 0:00:03]} f2 {[%emt 0:00:25]} 0-1

[Event "VI Sunway Sitges Open 2019"]
[Site "Sitges"]
[Date "2019.12.17"]
[Round "5.12"]
[White "Sadhwani, Raunak"]
[Black "Ivanchuk, Vassily"]
[Result "0-1"]
[WhiteElo "2507"]
[BlackElo "2690"]
[Annotator "TA"]
[PlyCount "72"]
[EventDate "2019.12.13"]
[EventType "swiss"]
[EventCountry "ESP"]
[SourceTitle "playchess.com"]
[Source "ChessBase"]
[SourceQuality "1"]

{[%evp 14,72,18,-17,-7,-11,24,0,0,-7,-3,-3,0,0,0,0,0,-37,-36,-41,-46,-43,-47,-49,-44,-58,-29,-50,-62,-82,-81,-86,-82,-85,-81,-100,-98,-90,-91,-143,-151,-158,-88,-104,-91,-94,-106,-120,-119,-122,-127,-135,-138,-223,-222,-267,-267,-267,-267,-289,-282]} 1. Nf3 c5 2. c4 Nc6 3. Nc3 Nf6 4. g3 d5 5. cxd5 Nxd5 6. Bg2 g6 7. d3 Bg7 8. Bd2 Nc7 {A34: Symmetrical English: 2 Nc3, lines with ...d5} 9. O-O Bd7 10. a3 O-O {The position is equal.} 11. Rb1 Rc8 $146 ({Predecessor:} 11... a5 12. Qc1 Nd4 13. Nxd4 cxd4 14. Ne4 Bc6 15. Bh6 Rc8 16. Bxg7 Kxg7 17. Qd2 Ne6 {1-0 (53) Wojtaszek,R (2715)-Volokitin,A (2638) Dubai 2014}) 12. b4 cxb4 13. axb4 b6 14. Qb3 Bg4 {And now ...Bxf3 would win.} 15. Qa4 Ne6 16. Rfe1 Ncd4 17. Nxd4 Nxd4 18. h3 Bd7 19. Qd1 ({But not} 19. Qxa7 $2 {[#]} Rxc3 $1 {[%mdl 512]} 20. Bxc3 Nb5 $19) 19... h5 20. e3 Nb5 21. Nxb5 Bxb5 22. d4 e5 $36 {[%mdl 2048] White is under strong pressure.} 23. dxe5 Bxe5 24. f4 Bg7 {aiming for ...Rc7.} 25. e4 h4 26. e5 (26. gxh4 $142 Ba4 {[%mdl 64] Deflection} 27. Qxa4 Qxd2 28. Qb5) 26... hxg3 $17 27. Be3 Qxd1 (27... Bd7 $142 28. Ra1 Rc7) 28. Rbxd1 Rfd8 29. Rxd8+ Rxd8 30. Bf1 Bxf1 31. Kxf1 {[%mdl 4096] Endgame KRB-KRB} Rd3 32. Ke2 Rb3 33. Ra1 (33. Rg1 $17 {was necessary.}) 33... g2 $19 ({Don't play} 33... Rxb4 34. Rxa7 Bh6 35. Ra8+ Kg7 36. Kf3 $15) 34. Bg1 Rxb4 {Black has a decisive advantage.} 35. Kf3 a5 36. Kxg2 Bh6 {Accuracy: White = 56%, Black = 71%.} ({Much less strong is} 36... Rxf4 37. Bxb6 a4 38. Bc7 $19) 0-1

[Event "VI Sunway Sitges Open 2019"]
[Site "Sitges"]
[Date "2019.12.17"]
[Round "5.13"]
[White "Krzyzanowski, Marcin"]
[Black "Maghsoodloo, Parham"]
[Result "1-0"]
[WhiteElo "2506"]
[BlackElo "2690"]
[Annotator "TA"]
[PlyCount "113"]
[EventDate "2019.12.13"]
[EventType "swiss"]
[EventCountry "ESP"]
[SourceTitle "playchess.com"]
[Source "ChessBase"]
[SourceQuality "1"]

{[%evp 9,113,0,0,0,0,-11,-12,-22,-23,-21,-8,-29,-23,-31,-35,-55,-59,-66,-69,-93,-91,-91,-85,-72,-76,-73,-62,-109,-72,-91,-39,-74,-43,-102,-11,-45,-49,-58,0,0,0,0,0,0,0,-104,-93,-152,-167,-189,-149,-147,-150,-160,-141,-182,-67,-72,-76,-66,0,0,0,-64,-27,-54,-35,-94,-96,-79,-26,-70,-27,-126,0,0,0,-109,-107,-105,-108,-108,-121,-240,-261,-258,0,0,8,8,143,0,0,0,0,0,400,393,372,0,0,0,29980,-614,29981,29982]} 1. Nf3 d5 2. g3 Nd7 3. Bg2 e5 4. d3 (4. O-O Bd6 5. d3 c6 6. e4 Ngf6 7. Nc3 O-O 8. Nh4 dxe4 9. Nf5 Bc5 10. Bg5 g6 11. Nh6+ Kh8 12. dxe4 Be7 13. Qd2 Ng8 14. Be3 Ndf6 15. Qxd8 Bxd8 {½-½ (26) Salem,A (2672)-Xiong,J (2691) Biel 2019}) 4... Bd6 5. c4 c6 6. O-O {A07: Réti Opening: New York and Capablanca Systems} Ne7 7. a3 $146 ({Predecessor:} 7. Nc3 O-O 8. Nd2 Nf6 9. Rb1 Be6 10. b4 a6 11. a4 Qd7 12. a5 Bh3 {½-½ (56) Maiwald,J (2448)-Prusikin,M (2530) Austria 2017}) 7... O-O 8. Nbd2 {The position is equal.} a5 9. b3 b5 10. Bb2 Rb8 11. c5 Bc7 12. Qc2 Ng6 13. a4 b4 14. e4 d4 15. Rac1 Ba6 16. Bh3 Re8 17. Ne1 Ngf8 18. Ng2 Qe7 19. f4 Rbd8 (19... Ne6 $17) 20. Nf3 $15 f6 21. Ngh4 (21. fxe5 $15 fxe5 22. Bg4) 21... g6 ({Better is} 21... exf4 $17 22. Nf5 (22. Bxd4 g6 $17) (22. Nxd4 Ne5 $15) 22... Qf7) 22. fxe5 fxe5 23. Rf2 Bb8 (23... Ra8 $15) 24. Rcf1 Nxc5 25. Ne1 Bd6 26. Bc1 Nfe6 $36 {[%mdl 2048] Black is more active.} 27. Qd1 {[#]} (27. Nhf3 $1 $11) 27... Nf4 $1 {[%mdl 576] Deflection} 28. gxf4 (28. Bf5 $142) (28. Bxf4 exf4) 28... Qxh4 $17 29. Bg2 exf4 30. Bxf4 Bxf4 31. Rxf4 Qh6 32. Qc2 Ne6 (32... Rf8 $1 $19 {[%cal Rf8f4]} 33. R4f2 (33. Rxf8+ $2 Rxf8 34. Rxf8+ Qxf8 $17) 33... Qg5) 33. Rf6 $15 c5 34. Kh1 Kh8 (34... Qh4 $15) 35. Nf3 $11 Qh5 36. Qd2 ({White should play} 36. Nd2 $11) 36... Bc8 37. Qf2 Rf8 38. Rxf8+ (38. Ng1 $15 c4 39. bxc4) 38... Rxf8 $17 39. Qg3 Rf4 (39... Kg8 $17) 40. Bh3 $11 {next Bxe6 is good for White.} g5 41. Bf5 (41. Nd2 $1 $11) 41... Bd7 ({Black should try} 41... Ba6 $1 $17 {[%cal Ra6d3]} 42. Ng1 (42. Bxe6 Bxd3 {[%mdl 64] Double Attack} 43. Kg1 Be2 $17) 42... Qh4) 42. Kg1 h6 {aiming for ...Nf8.} 43. h3 {[#]} (43. h4 $1 $11 {remains equal.}) 43... Rxf5 $1 $17 {[%mdl 576] Clearance} 44. exf5 Nf4 {[%mdl 64] Double Attack, Discovered Attack} 45. Kh2 Bxf5 {[%mdl 64] Double Attack} 46. h4 (46. Ng1 $17 {was forced.}) 46... Bxd3 $19 47. Re1 Bh7 $2 (47... Bg6 $1 $19 {White must now prevent ...d3.} 48. Re5 d3 49. Rxc5 d2 $1 {[%mdl 512]} 50. Rc8+ Kg7) 48. Re5 $1 $11 {Strongly threatening Qxf4!} Bg6 49. Rxc5 {Qe1 is the strong threat.} d3 (49... Bf7 $1 $11 {keeps the balance.}) 50. Rc8+ ({Much weaker is} 50. Rxa5 $6 d2 $11) (50. Qe1 $16 {Rc8+ would kill now.} Bf7 51. Rc8+ Kh7 52. Qe4+ Ng6 53. Rc5 (53. Qxd3 Qg4 $14) (53. Rc7 Kg8 $11)) 50... Kh7 {Hoping for ...Be4.} 51. Qe1 {White threatens Qe7+ and mate.} Ne2 52. Qf2 g4 $2 {[%mdl 8192]} (52... Bf7 $1 $11 {and Black has nothing to worry.} 53. Rc5 Nf4) 53. Rc7+ $18 Kg8 54. Qe3 $2 ({Only move:} 54. Qb6 $1 $18 {[%cal Rb6f6]} d2 55. Qf6 g3+ 56. Kg2 Nf4+ 57. Kxg3 Qxf3+ 58. Kxf3 d1=Q+ 59. Kxf4 Qd2+ 60. Ke5 Qh2+ 61. Qf4 Qb2+ 62. Kd6) 54... gxf3 {[%cal Rh5h4]} 55. Rc8+ Kh7 $2 {[%mdl 8192]} (55... Kg7 $11 56. Qe7+ Bf7 57. Qf8+ {[#]} Kg6 $1 {[%mdl 512]} 58. Qd6+ Kg7 $1 {[%mdl 512]} 59. Qf8+ Kg6 $1 {[%mdl 512]} 60. Qd6+ Kg7 $1 {[%mdl 512]} 61. Qf8+) 56. Qe7+ Bf7 {Threatens to win with ...Qg6.} 57. Qf6 {Accuracy: White = 45%, Black = 50%.} 1-0

[Event "VI Sunway Sitges Open 2019"]
[Site "Sitges"]
[Date "2019.12.17"]
[Round "5.14"]
[White "Melkumyan, Hrant"]
[Black "Girish, A. Koushik"]
[Result "1/2-1/2"]
[WhiteElo "2668"]
[BlackElo "2506"]
[Annotator "TA"]
[PlyCount "71"]
[EventDate "2019.12.13"]
[EventType "swiss"]
[EventCountry "ESP"]
[SourceTitle "playchess.com"]
[Source "ChessBase"]
[SourceQuality "1"]

{[%evp 17,71,0,0,-7,27,31,33,0,0,0,0,0,12,0,0,0,0,0,0,-47,-46,-54,-49,-55,-64,-59,-66,-84,-91,-105,-87,-106,-92,-106,-102,-104,-87,-107,0,0,0,0,0,0,0,0,0,0,0,0,0,0,0,0,0,0]} 1. e4 e5 2. Nf3 Nc6 3. Bc4 Bc5 4. c3 Nf6 5. d4 exd4 6. e5 d5 7. Bb5 Ne4 8. cxd4 Bb6 9. Nc3 O-O 10. Be3 {C54: Giuoco Piano: 4 c3 Nf6, main lines with 5 d4 and 5 d3} Ne7 (10... Bg4 11. h3 Bh5 12. Qc2 Nxc3 13. bxc3 f6 14. exf6 Qxf6 15. Be2 Na5 16. O-O Bxf3 17. Bxf3 c6 {½-½ (39) Dominguez Perez,L (2763)-Grischuk,A (2759) Khanty-Mansiysk 2019}) 11. Bd3 f5 12. exf6 {White is slightly better.} Nxf6 13. O-O Bf5 14. Ne5 c6 15. f4 Bxd3 $146 ({Predecessor:} 15... Nd7 16. Be2 Nxe5 17. fxe5 Qd7 {½-½ (31) Naiditsch,Y (2375)-Xiao,Y (2363) China 2018}) 16. Qxd3 Nc8 17. f5 Nd6 18. Rf3 Qe7 19. Raf1 Nf7 20. Nxf7 Rxf7 21. Kh1 Re8 22. Bg1 Qb4 23. b3 Ne4 24. Re3 {[%cal Rc3e4]} Rfe7 ({Of course not} 24... Bxd4 $6 25. Rxe4 dxe4 26. Qxd4 $11) (24... Qxd4 $6 25. Qxd4 Bxd4 26. Rxe4 $11) 25. Nxe4 dxe4 26. Qe2 Bxd4 27. Rh3 {[#]} e3 ({Better is} 27... Rd8 $1 $17 28. Be3 (28. Bxd4 Qxd4 29. Re3 Qe5 $17) 28... Qb5 29. Qxb5 cxb5) 28. Qh5 $1 $11 {[%cal Rh5h7] The position is equal.} e2 ({Much worse is} 28... h6 {[#]} 29. f6 $1 $14 {[%mdl 512]}) 29. Qxh7+ Kf8 {[#]} 30. Qg6 $1 {[%cal Rh3h8][%mdl 512]} Kg8 31. Qh7+ Kf8 32. Qh8+ {[#]} Kf7 $1 {[%mdl 512]} 33. Qh5+ Kg8 34. Qh7+ Kf8 {[#]} 35. Qg6 $1 {[%cal Rh3h8][%mdl 512]} Kg8 36. Qh7+ {Accuracy: White = 69%, Black = 86%.} 1/2-1/2

[Event "VI Sunway Sitges Open 2019"]
[Site "Sitges"]
[Date "2019.12.17"]
[Round "5.15"]
[White "Barseghyan, Harutyun"]
[Black "Sasikiran, Krishnan"]
[Result "1-0"]
[WhiteElo "2498"]
[BlackElo "2656"]
[Annotator "TA"]
[PlyCount "83"]
[EventDate "2019.12.13"]
[EventType "swiss"]
[EventCountry "ESP"]
[SourceTitle "playchess.com"]
[Source "ChessBase"]
[SourceQuality "1"]

{[%evp 11,83,0,14,20,12,9,9,11,9,7,6,-1,0,0,0,0,0,0,0,0,0,0,0,0,6,0,2,0,7,13,9,7,6,0,6,8,5,7,6,6,66,72,70,66,70,69,77,94,205,190,205,136,147,141,142,135,156,48,166,153,269,245,310,291,428,430,422,433,401,415,481,420,479,445]} 1. c4 e6 2. Nf3 Nf6 3. g3 d5 4. Bg2 Be7 5. b3 c5 6. O-O Nc6 7. cxd5 {A14: English Opening: 1...e6 with b3 by White} (7. e3 O-O 8. Bb2 b6 9. Nc3 Bb7 10. d3 Qd7 11. Qe2 Rad8 12. Rfd1 d4 13. exd4 Nxd4 14. Nxd4 cxd4 15. Nb5 Bxg2 16. Kxg2 Bc5 17. b4 Bxb4 18. Nxd4 Be7 {½-½ (62) Gashimov,V (2734)-Wang,Y (2752) Astrakhan 2010}) 7... Nxd5 8. Bb2 Bf6 9. Bxf6 {The position is equal.} Qxf6 10. Nc3 O-O 11. Ne4 $146 ({Predecessor:} 11. Nxd5 exd5 12. Rc1 b6 13. d4 cxd4 14. Qd3 Bb7 {1-0 (67) Miezis,N-Meijers,V Riga 1989}) 11... Qe7 12. d4 cxd4 13. Nxd4 Bd7 14. Qd2 Rfd8 15. Rfd1 Nxd4 16. Qxd4 Bb5 17. Bf3 Bc6 18. Rac1 h6 19. Qc5 {Strongly threatening Rxd5!} Qxc5 20. Nxc5 Rac8 21. Nd3 Ne7 22. Kg2 f6 23. Bxc6 Rxc6 24. Rxc6 Nxc6 $11 {[%mdl 4096] Endgame KRN-KRN} 25. Rc1 Nd4 (25... Rc8 $11) 26. Rc7 $1 $14 Nxe2 27. Nc5 {[%mdl 64] [#] Double Attack} Nd4 28. Nxb7 Rd5 29. b4 g5 (29... Rb5 $16 {might work better.}) 30. Nc5 $18 f5 31. Rxa7 Nc6 {[#]} 32. Ra8+ $1 Kf7 33. a3 g4 34. h3 (34. Rh8 $16) 34... h5 (34... Rd1 $1 $14) 35. Rh8 gxh3+ (35... Ne5 $16) 36. Kxh3 Ne5 37. Rh7+ ({Less strong is} 37. Rxh5 Rd2 $16) 37... Kg6 (37... Kf6 {is a better defense.} 38. Rxh5 Rd2) 38. Re7 Ng4 39. Rxe6+ Kf7 40. Re2 Rd1 41. Kg2 Ra1 42. a4 {Accuracy: White = 76%, Black = 36%.} 1-0